[Event "Women's Speed Chess Q2"]
[Site "chess.com INT"]
[Date "2020.06.19"]
[Round "13"]
[White "Zawadzka, Jolanta"]
[Black "Petrova, Irina"]
[Result "1-0"]
[WhiteTitle "WGM"]
[BlackTitle "WIM"]
[WhiteElo "2419"]
[BlackElo "2087"]
[WhiteFideId "1122320"]
[BlackFideId "14124122"]
[EventDate "2020.06.19"]

1. e4 d6 2. d4 Nf6 3. Nc3 e5 4. Nf3 Nbd7 5. Bc4 Be7 6. O-O O-O 7. a4 c6 8. a5 h6
9. h3 Re8 10. Re1 Bf8 11. d5 b5 12. Bb3 cxd5 13. Nxd5 Bb7 14. a6 Bxd5 15. Bxd5
Nxd5 16. Qxd5 Qc8 17. Qxb5 Rb8 18. Qe2 Nc5 19. Nd2 Qc6 20. b3 Rb6 21. Nc4 Rxa6
22. Rxa6 Qxa6 23. Qg4 Re6 24. Ne3 Rg6 25. Qf3 Ne6 26. Nf5 Qc6 27. c4 a5 28. Qd3
Nc5 29. Qc2 Qc8 30. Kh2 Ne6 31. g3 Nc5 32. Bd2 Qb7 33. Bxa5 Qxb3 34. Qxb3 Nxb3
35. Bc7 Re6 36. Rb1 Nc5 37. f3 g6 38. Ne3 Kg7 39. Rb8 Be7 40. Nd5 Nd3 41. Kg2
Ne1+ 42. Kf2 Nd3+ 43. Ke3 Nc5 44. h4 Bf6 45. Rb6 Be7 46. Nxe7 Rxe7 47. Bxd6 Rb7
48. Bxc5 Rc7 49. Rb5 Rc6 50. Kd3 f6 51. Be3 g5 52. Rb7+ Kg6 53. hxg5 Kh5 54.
gxh6 1-0

[Event "Women's Speed Chess Q2"]
[Site "chess.com INT"]
[Date "2020.06.19"]
[Round "13"]
[White "Dzagnidze, Nana"]
[Black "Miroshnik, Ekaterina"]
[Result "1-0"]
[WhiteTitle "GM"]
[BlackTitle "WFM"]
[WhiteElo "2524"]
[BlackElo "2139"]
[WhiteFideId "13601903"]
[BlackFideId "34127698"]
[EventDate "2020.06.19"]

1. c4 e6 2. Nf3 Nf6 3. b3 d5 4. Bb2 Be7 5. e3 O-O 6. Nc3 b6 7. Be2 Bb7 8. O-O c5
9. d4 cxd4 10. Nxd4 Nbd7 11. Rc1 Nc5 12. Bf3 dxc4 13. Bxb7 Nxb7 14. Nc6 Qe8 15.
Nxe7+ Qxe7 16. bxc4 Rac8 17. Nb5 Rfd8 18. Qf3 a6 19. Na7 Na5 20. Nxc8 Rxc8 21.
Bxf6 gxf6 22. Rfd1 Rc5 23. h3 Rg5 24. Rd4 f5 25. Rcd1 Qf6 26. Qa8+ Kg7 27. Qxa6
Nc6 28. Qxb6 Nxd4 29. Qxd4 e5 30. Qd6 Qxd6 31. Rxd6 f4 32. e4 Kf8 33. a4 Ke7 34.
Rd5 Ke6 35. a5 Rg8 36. a6 Ra8 37. Ra5 Kd6 38. Kf1 f6 39. a7 Kc6 40. c5 Kb7 41.
Ke2 Rxa7 42. Rxa7+ Kxa7 43. Kd3 Kb7 44. Kc4 Kc6 45. Kb4 h5 46. Kc4 h4 47. f3 Kc7
48. Kd5 1-0

[Event "Women's Speed Chess Q2"]
[Site "chess.com INT"]
[Date "2020.06.19"]
[Round "13"]
[White "Arakhamia-Grant, Ketevan"]
[Black "Divya, Deshmukh"]
[Result "0-1"]
[WhiteTitle "GM"]
[BlackTitle "WIM"]
[WhiteElo "2380"]
[BlackElo "2305"]
[WhiteFideId "13600168"]
[BlackFideId "35006916"]
[EventDate "2020.06.19"]

1. e4 c5 2. Nf3 d6 3. Bb5+ Nd7 4. O-O a6 5. Bd3 Ngf6 6. c3 g6 7. Bc2 Bg7 8. d4
cxd4 9. cxd4 e6 10. Nc3 b5 11. a3 Bb7 12. Bf4 Qb6 13. Qd2 O-O 14. Rfe1 Rac8 15.
Bh6 a5 16. Bxg7 Kxg7 17. Bd3 Bc6 18. e5 dxe5 19. dxe5 Ng4 20. h3 Bxf3 21. hxg4
Bc6 22. Qf4 b4 23. Ne4 bxa3 24. bxa3 Qd4 25. Rad1 Qxe5 26. Qd2 Bxe4 27. Bxe4
Rcd8 28. Bxg6 Qf6 29. Bc2 Ne5 30. Qe2 Ng6 31. g3 Rc8 32. Qe4 Rc3 33. Kg2 Rfc8
34. Bb1 Rxa3 35. Rh1 Rac3 36. Rh5 R8c4 37. Qe2 Rc1 0-1

[Event "Women's Speed Chess Q2"]
[Site "chess.com INT"]
[Date "2020.06.19"]
[Round "13"]
[White "Ziegenfuss, Antonia"]
[Black "Bartel, Marta"]
[Result "0-1"]
[WhiteTitle "WFM"]
[BlackTitle "WGM"]
[WhiteElo "2101"]
[BlackElo "2192"]
[WhiteFideId "12962554"]
[BlackFideId "1123009"]
[EventDate "2020.06.19"]

1. d4 g6 2. c4 Bg7 3. Nc3 d6 4. e4 Nd7 5. Be2 e5 6. d5 Ne7 7. g4 a5 8. Be3 O-O
9. Qd2 f5 10. gxf5 gxf5 11. Bh6 f4 12. Bxg7 Kxg7 13. Nf3 Nf6 14. O-O-O Kh8 15.
Rdg1 Bg4 16. Ng5 Bd7 17. Qd1 h6 18. h4 c6 19. Bh5 Qb6 20. Nf7+ Rxf7 21. Bxf7
Qxf2 22. Qe2 Qxe2 23. Nxe2 Nxe4 24. Rh2 cxd5 25. cxd5 Rc8+ 26. Kd1 Nf5 27. Rg6
Ne3+ 28. Ke1 Bf5 29. Rg1 Rc2 30. Rhh1 Rxb2 31. Nc1 Rb1 32. Ke2 Rb2+ 33. Kf3 Nd2+
34. Ke2 Bg4+ 35. Kd3 Bf5+ 36. Kc3 Rc2# 0-1

[Event "Women's Speed Chess Q2"]
[Site "chess.com INT"]
[Date "2020.06.19"]
[Round "13"]
[White "Tarleva, Vira"]
[Black "Monteiro, Sara Cristina da Silva"]
[Result "0-1"]
[WhiteTitle "WFM"]
[BlackTitle "WCM"]
[WhiteElo "2030"]
[BlackElo "1709"]
[WhiteFideId "14116693"]
[BlackFideId "1909860"]
[EventDate "2020.06.19"]

1. e4 d5 2. exd5 Qxd5 3. Nc3 Qa5 4. d4 e5 5. dxe5 Bb4 6. Bd2 Nc6 7. Nf3 Bg4 8.
a3 Nd4 9. h3 Bxf3 10. gxf3 Qxe5+ 11. Be3 O-O-O 12. axb4 f5 13. f4 Qe6 14. Rxa7
Kb8 15. Ra5 Qc6 16. Bxd4 Qxh1 17. Qa1 b6 18. Rxf5 Ne7 19. Re5 Nc6 20. Nb5 Rxd4
21. Nxd4 Nxe5 22. Nb5 Nc6 23. Kd2 Qd5+ 24. Bd3 Rd8 25. Qe1 Qxb5 0-1

[Event "Women's Speed Chess Q2"]
[Site "chess.com INT"]
[Date "2020.06.19"]
[Round "13"]
[White "Linares Napoles, Oleiny"]
[Black "Shuvalova, Polina"]
[Result "0-1"]
[WhiteTitle "WGM"]
[BlackTitle "WGM"]
[WhiteElo "2215"]
[BlackElo "2454"]
[WhiteFideId "3504794"]
[BlackFideId "24171760"]
[EventDate "2020.06.19"]

1. c4 e6 2. Nf3 d5 3. b3 Nf6 4. g3 Be7 5. Bg2 O-O 6. O-O b6 7. Bb2 Bb7 8. e3 c5
9. Nc3 dxc4 10. bxc4 Ne8 11. Qe2 Nd6 12. d3 Qc7 13. Rfd1 Rd8 14. a4 Nc6 15. Nb5
Qd7 16. Bc3 a6 17. Nxd6 Qxd6 18. Qb2 Bf8 19. Qxb6 Rdb8 20. Qb2 Nb4 21. Qe2 Rd8
22. d4 a5 23. Rac1 Rac8 24. Ba1 h6 25. h4 Qc6 26. h5 Qxa4 27. dxc5 Bxc5 28.
Rxd8+ Rxd8 29. Qb2 Bf8 30. Qc3 Na2 31. Qc2 Qxc2 32. Rxc2 Rd1+ 33. Kh2 Rxa1 34.
c5 Nb4 35. Rc3 a4 36. Nd4 Bxg2 37. Kxg2 Nd5 38. Rc4 a3 39. c6 a2 40. Ra4 Bd6 41.
Ra8+ Kh7 42. Nb5 Rb1 43. Nxd6 a1=Q 44. Rxa1 Rxa1 45. Nxf7 Rc1 46. Nd8 Nc7 47.
Kf3 Rc2 48. g4 Kg8 49. Kg3 Kf8 50. f4 Ke7 51. Nb7 Rxc6 52. Na5 Rc3 53. Kf3 Nd5
54. Ke4 Rxe3+ 55. Kd4 Rg3 56. Nc6+ Kd6 57. Ne5 Nxf4 58. Ke4 Nd5 0-1

[Event "Women's Speed Chess Q2"]
[Site "chess.com INT"]
[Date "2020.06.19"]
[Round "13"]
[White "De Seroux, Camille"]
[Black "Xu, Yuanyuan"]
[Result "0-1"]
[WhiteTitle "WIM"]
[BlackTitle "WGM"]
[WhiteElo "2137"]
[BlackElo "2317"]
[WhiteFideId "1305620"]
[BlackFideId "8601089"]
[EventDate "2020.06.19"]

1. e4 c6 2. d4 d5 3. exd5 cxd5 4. Bd3 Nc6 5. c3 Nf6 6. Bf4 Bg4 7. Qb3 e5 8. dxe5
Nh5 9. Be3 Nxe5 10. Bb5+ Nc6 11. Nd2 Be6 12. Qa4 Qc7 13. Ngf3 Bd6 14. g3 O-O 15.
O-O a6 16. Bd3 b5 17. Qh4 g6 18. Ng5 Be7 19. Nxe6 fxe6 20. Qg4 Qd6 21. Bh6 Ne5
22. Qe2 Rf7 23. f4 Nxd3 24. Qxd3 Nf6 25. Bg5 Qb6+ 26. Kh1 Ng4 27. Qe2 Bxg5 28.
fxg5 Nf2+ 29. Kg2 Raf8 30. Nb3 Ne4 31. Nd4 Rf2+ 32. Rxf2 Rxf2+ 33. Kg1 Rxe2 34.
Rf1 e5 0-1

[Event "Women's Speed Chess Q2"]
[Site "chess.com INT"]
[Date "2020.06.19"]
[Round "13"]
[White "Charochkina, Daria"]
[Black "Huda, Maryana"]
[Result "0-1"]
[WhiteTitle "IM"]
[BlackTitle "WGM"]
[WhiteElo "2356"]
[BlackElo "2128"]
[WhiteFideId "4180917"]
[BlackFideId "14116553"]
[EventDate "2020.06.19"]

1. d4 d5 2. c4 c6 3. Nc3 Nf6 4. Nf3 e6 5. Bg5 Nbd7 6. e3 h6 7. Bh4 Bd6 8. g4
dxc4 9. Bxc4 b5 10. Bd3 Qb6 11. Rc1 Bb7 12. Rg1 a6 13. e4 e5 14. g5 hxg5 15.
Rxg5 exd4 16. Ne2 c5 17. Bg3 Nxe4 18. Bxe4 Bxe4 19. Bxd6 Qxd6 20. Ng3 Bg6 21. b4
cxb4 22. Kf1 d3 23. Qd2 O-O 24. h4 Nf6 25. Re1 Rae8 26. Rxe8 Rxe8 27. h5 Ne4 28.
Nxe4 Bxe4 29. Nh4 Qh6 30. Qf4 f6 31. Rxg7+ Kxg7 32. Qg3+ Qg5 33. Qc7+ Kh6 0-1

[Event "Women's Speed Chess Q2"]
[Site "chess.com INT"]
[Date "2020.06.19"]
[Round "13"]
[White "Rivera, Ingris"]
[Black "Belenkaya, Dina"]
[Result "0-1"]
[WhiteTitle "WIM"]
[BlackTitle "WGM"]
[WhiteElo "2249"]
[BlackElo "2297"]
[WhiteFideId "4402472"]
[BlackFideId "24142654"]
[EventDate "2020.06.19"]

1. d4 Nf6 2. c4 c5 3. d5 e5 4. Nc3 d6 5. e4 Be7 6. Bd3 Nbd7 7. Nge2 h5 8. Ng3 h4
9. Nf5 g6 10. Nxe7 Qxe7 11. Bg5 Rh5 12. Qd2 Qf8 13. Nb5 Kd8 14. b4 a6 15. Na3
cxb4 16. Bxf6+ Nxf6 17. Qxb4 Qe7 18. Rc1 a5 19. Qb6+ Qc7 20. Qxc7+ Kxc7 21. c5
Bd7 22. cxd6+ Kxd6 23. Nc4+ Ke7 24. O-O Rg5 25. f4 exf4 26. d6+ Kf8 27. Rxf4 Ng4
28. Nb6 Rd8 29. Bc4 Ne5 30. Bd5 Bc6 31. Bxc6 bxc6 32. d7 Ke7 33. Rxh4 Nf3+ 34.
Kf2 Nxh4 35. Rxc6 Rxg2+ 36. Ke3 Rb2 37. e5 Nf5+ 38. Ke4 Rb4+ 39. Kd5 Rxb6 40.
Rxb6 Rxd7+ 41. Kc6 Nd4+ 42. Kc5 Ne6+ 0-1

[Event "Women's Speed Chess Q2"]
[Site "chess.com INT"]
[Date "2020.06.19"]
[Round "13"]
[White "Girya, Olga"]
[Black "Khotenashvili, Bela"]
[Result "0-1"]
[WhiteTitle "WGM"]
[BlackTitle "GM"]
[WhiteElo "2469"]
[BlackElo "2458"]
[WhiteFideId "4195752"]
[BlackFideId "13602640"]
[EventDate "2020.06.19"]

1. d4 Nf6 2. c4 g6 3. Nc3 Bg7 4. e4 d6 5. Be2 O-O 6. Be3 Nbd7 7. Nf3 e5 8. O-O
exd4 9. Nxd4 c6 10. Qc2 Qe7 11. Rfe1 Nc5 12. f3 d5 13. cxd5 cxd5 14. b4 Ncd7 15.
Qb3 dxe4 16. fxe4 a5 17. bxa5 Nc5 18. Qc2 Ncxe4 19. Nxe4 Nxe4 20. Bf3 f5 21. Nb5
Rxa5 22. Rab1 Bd7 23. Bxe4 Qxe4 24. Qxe4 fxe4 25. Nd6 Bc6 26. Re2 Rd5 27. Nxb7
Bxb7 28. g3 Ba6 29. Rf2 Rxf2 30. Kxf2 Rb5 31. Rc1 Rb2+ 32. Kg1 Rxa2 33. Rc7 Re2
34. Bf2 Bf8 35. Ra7 Bd3 0-1

[Event "Women's Speed Chess Q2"]
[Site "chess.com INT"]
[Date "2020.06.19"]
[Round "13"]
[White "Sebag, Marie"]
[Black "Zhukova, Natalia"]
[Result "1-0"]
[WhiteTitle "GM"]
[BlackTitle "GM"]
[WhiteElo "2438"]
[BlackElo "2328"]
[WhiteFideId "617822"]
[BlackFideId "14101513"]
[EventDate "2020.06.19"]

1. e4 Nf6 2. e5 Nd5 3. d4 d6 4. Nf3 g6 5. Bc4 Nb6 6. Bb3 Bg7 7. exd6 cxd6 8. O-O
O-O 9. h3 Nc6 10. Bg5 h6 11. Bh4 g5 12. Bg3 g4 13. hxg4 Bxg4 14. c3 e5 15. Qd3
Bh5 16. Qf5 Bxf3 17. Qxf3 exd4 18. Nd2 d5 19. Bc2 Qf6 20. Qd3 Qg6 21. Qxg6 fxg6
22. Bxg6 dxc3 23. bxc3 Bxc3 24. Rad1 Bg7 25. Nf3 Rac8 26. Rfe1 Rf6 27. Bb1 Rf7
28. Nh4 Re7 29. Nf5 Rxe1+ 30. Rxe1 Bf8 31. Bf4 d4 32. Nxh6+ Bxh6 33. Bxh6 Nb4
34. Bd2 Nc2 35. Re7 d3 36. Rxb7 Nc4 37. Bh6 N4a3 38. Bxc2 Rxc2 39. Rxa7 Nc4 40.
Rg7+ Kh8 41. Rc7 1-0

[Event "Women's Speed Chess Q2"]
[Site "chess.com INT"]
[Date "2020.06.19"]
[Round "13"]
[White "Shafigullina, Zarina"]
[Black "Pham, Bich Ngoc"]
[Result "0-1"]
[WhiteTitle "WFM"]
[BlackTitle "WIM"]
[WhiteElo "2296"]
[BlackElo "2235"]
[WhiteFideId "24174220"]
[BlackFideId "12401285"]
[EventDate "2020.06.19"]

1. d4 g6 2. Nf3 Bg7 3. g3 f5 4. Bg2 Nf6 5. O-O O-O 6. c4 d6 7. Nc3 c6 8. d5 e5
9. dxe6 Bxe6 10. Qd3 Kh8 11. Rd1 Na6 12. Qxd6 Qxd6 13. Rxd6 Bxc4 14. Bf4 Nc5 15.
Be5 Rae8 16. Bd4 Nce4 17. Nxe4 Nxe4 18. Bxg7+ Kxg7 19. Rd7+ Rf7 20. Rxf7+ Kxf7
21. e3 Kf6 22. b3 Bd5 23. Rd1 Nc3 24. Rd4 Ne2+ 25. Kf1 Bxf3 26. Rd6+ Ke7 27. Rd2
Bxg2+ 28. Kxg2 Nc3 29. Rd4 Nd5 30. Ra4 a6 31. Rh4 h5 32. e4 fxe4 33. Rxe4+ Kf7
34. Rd4 Re2 35. a4 Rb2 36. Rd3 Ke6 37. Kf3 b5 38. axb5 axb5 39. h3 c5 40. g4 c4
41. bxc4 bxc4 42. Rd4 c3 43. gxh5 gxh5 44. Rc4 Rb4 45. Rc6+ Kd7 46. Rc5 Kd6 47.
Rc8 Rf4+ 48. Ke2 Rf7 49. f3 Rc7 50. Rd8+ Ke5 51. Kd3 Nb4+ 52. Ke2 c2 0-1

[Event "Women's Speed Chess Q2"]
[Site "chess.com INT"]
[Date "2020.06.19"]
[Round "13"]
[White "Enkhtuul, Altan-Ulzii"]
[Black "Arabidze, Meri"]
[Result "1-0"]
[WhiteTitle "WGM"]
[BlackTitle "IM"]
[WhiteElo "2228"]
[BlackElo "2428"]
[WhiteFideId "4901444"]
[BlackFideId "13604040"]
[EventDate "2020.06.19"]

1. d4 d5 2. Nf3 Nf6 3. c4 e6 4. g3 Bb4+ 5. Bd2 Be7 6. Bg2 O-O 7. O-O Nbd7 8. b3
Ne4 9. Be1 c6 10. Qc2 f5 11. Nc3 Bf6 12. e3 Qe7 13. Rd1 g5 14. cxd5 exd5 15. Nd2
g4 16. Qd3 Bg7 17. Ne2 Ndf6 18. Nf4 a5 19. Nxe4 fxe4 20. Qc2 Qd7 21. b4 axb4 22.
Bxb4 Rf7 23. a4 b6 24. Rc1 Ba6 25. Rfd1 Bc4 26. Bf1 b5 27. Bxc4 bxc4 28. a5 Bh6
29. Ra1 Bxf4 30. exf4 Ra6 31. Bd2 Qc8 32. Rdb1 Rfa7 33. Ra2 Qf5 34. Rb8+ Kg7 35.
Rab2 h5 36. R2b7+ Rxb7 37. Rxb7+ Kg6 38. Rb6 Qc8 39. Qb1 h4 40. Qb4 h3 41. Be3
Kf5 42. Bd2 e3 43. Bxe3 Ne4 44. Kf1 c3 45. Ke2 Rxb6 46. Qxb6 c2 47. a6 c5 48. f3
gxf3+ 49. Kxf3 cxd4 50. g4# 1-0

[Event "Women's Speed Chess Q2"]
[Site "chess.com INT"]
[Date "2020.06.19"]
[Round "13"]
[White "Buksa, Nataliya"]
[Black "Perez Rodriguez, Jennifer"]
[Result "1-0"]
[WhiteTitle "IM"]
[BlackTitle "WIM"]
[WhiteElo "2410"]
[BlackElo "2251"]
[WhiteFideId "14123622"]
[BlackFideId "3507831"]
[EventDate "2020.06.19"]

1. d4 Nf6 2. Nc3 d5 3. Bf4 c6 4. e3 Bf5 5. Nf3 e6 6. Ne5 Nbd7 7. g4 Nxe5 8. gxf5
Ned7 9. fxe6 fxe6 10. Bh3 Qe7 11. Qd3 e5 12. dxe5 Nxe5 13. Bxe5 Qxe5 14. O-O-O
Bb4 15. f4 Qe7 16. Rhg1 O-O 17. a3 Bc5 18. Rg3 Nh5 19. Rf3 Rae8 20. Kb1 Bxe3 21.
Bf5 g6 22. Bxg6 hxg6 23. Qxg6+ Ng7 24. f5 Rf6 25. Qg4 d4 26. Ne2 Qe4 27. Qg3
Rxf5 28. Rxf5 Qxf5 29. Nxd4 Qe5 30. Qg4 Bxd4 31. Rxd4 Qe1+ 32. Rd1 Qe6 33. Qg5
Qf5 34. Qg2 Rf8 35. Rg1 Qf6 36. h4 Kh7 37. Qg4 Rf7 38. h5 Qh6 39. Qg6+ Qxg6 40.
hxg6+ Kg8 41. gxf7+ Kxf7 42. b4 Ne6 43. Kb2 Ke7 44. Kc3 Kd6 45. Rg6 Kd5 46. Rh6
Nc7 47. Rh5+ Kd6 48. a4 Nd5+ 49. Kb3 Nf4 50. Rh7 b6 51. Rxa7 Nd5 52. Rh7 Ne7 53.
a5 bxa5 54. bxa5 Nd5 55. c4 Nc7 56. Rxc7 Kxc7 57. Kb4 Kb7 58. Kc5 Ka6 59. Kxc6
Kxa5 60. c5 Kb4 61. Kb6 1-0

[Event "Women's Speed Chess Q2"]
[Site "chess.com INT"]
[Date "2020.06.19"]
[Round "13"]
[White "Kovanova, Baira"]
[Black "Mamedjarova, Turkan"]
[Result "1-0"]
[WhiteTitle "WGM"]
[BlackTitle "WGM"]
[WhiteElo "2343"]
[BlackElo "2309"]
[WhiteFideId "4164083"]
[BlackFideId "13402005"]
[EventDate "2020.06.19"]

1. e4 e5 2. Nf3 Nc6 3. Bb5 a6 4. Ba4 Nf6 5. d3 b5 6. Bb3 Bc5 7. O-O d6 8. c3 O-O
9. Be3 Bxe3 10. fxe3 h6 11. Nbd2 Be6 12. Qe1 d5 13. Rd1 dxe4 14. dxe4 Qe7 15.
Nh4 Bxb3 16. axb3 g6 17. b4 Qe6 18. Qf2 Nh5 19. Qe2 Rad8 20. Ra1 Nb8 21. Ra3 Rd7
22. Nb3 Rd6 23. Nf5 gxf5 24. exf5 Qf6 25. Qxh5 Rfd8 26. Nc5 Rc6 27. Ne4 Qe7 28.
f6 Qf8 29. Raa1 Rc4 30. Qf5 Kh8 31. Rf3 Qg8 32. Rh3 Qh7 33. Qxh7+ Kxh7 34. Rh4
Kg6 35. Rf1 h5 36. Rf3 Rd1+ 37. Kf2 Rb1 38. Rg3+ Kh6 39. Rg5 Rxb2+ 40. Kf3 Rxe4
41. Rhxh5# 1-0

[Event "Women's Speed Chess Q2"]
[Site "chess.com INT"]
[Date "2020.06.19"]
[Round "13"]
[White "Doluhanova, Evgeniya"]
[Black "Priyanka, K"]
[Result "0-1"]
[WhiteTitle "WGM"]
[BlackTitle "WIM"]
[WhiteElo "2229"]
[BlackElo "2218"]
[WhiteFideId "14112035"]
[BlackFideId "5082986"]
[EventDate "2020.06.19"]

1. e4 c5 2. Nf3 d6 3. d4 cxd4 4. Nxd4 Nf6 5. Nc3 a6 6. Be2 e5 7. Nb3 Be6 8. Bf3
Nbd7 9. O-O b5 10. Be3 Rc8 11. a4 b4 12. Nd5 Bxd5 13. exd5 a5 14. Nd2 Be7 15. b3
O-O 16. Nc4 Nc5 17. Re1 Nfd7 18. g3 f5 19. Bg2 Qc7 20. f4 e4 21. Bd4 Bf6 22.
Bxf6 Nxf6 23. Qd4 Nb7 24. Rad1 Qc5 25. h3 Qxd4+ 26. Rxd4 Rc5 27. Red1 Kf7 28.
Ne3 g6 29. g4 Rc3 30. Kf2 fxg4 31. hxg4 Nc5 32. f5 Rxe3 33. Kxe3 Nxg4+ 34. Kf4
gxf5 35. Rh1 Kg6 36. Bh3 h5 37. Rf1 Re8 38. Bxg4 hxg4 39. Ke3 Kg5 40. Rd2 Rh8
41. Rdf2 Rh3+ 42. Kd4 Rf3 43. Rxf3 exf3 44. Ke3 f4+ 45. Kd4 Kh4 46. c3 bxc3 47.
Kxc3 Kg3 48. b4 axb4+ 49. Kxb4 Kg2 50. Rc1 Nd3+ 51. Kc3 0-1

[Event "Women's Speed Chess Q2"]
[Site "chess.com INT"]
[Date "2020.06.19"]
[Round "13"]
[White "Tania, Sachdev"]
[Black "Protopopova, Anastasiya"]
[Result "1-0"]
[WhiteTitle "IM"]
[BlackTitle "WFM"]
[WhiteElo "2392"]
[BlackElo "2192"]
[WhiteFideId "5007844"]
[BlackFideId "24172073"]
[EventDate "2020.06.19"]

1. d4 Nf6 2. c4 e6 3. Nf3 Bb4+ 4. Bd2 a5 5. g3 O-O 6. Bg2 d6 7. O-O Nbd7 8. Nc3
e5 9. a3 Bxc3 10. Bxc3 exd4 11. Nxd4 a4 12. Qc2 Nc5 13. Rad1 Re8 14. e3 Bg4 15.
f3 Bd7 16. e4 Qc8 17. Rfe1 Bh3 18. Bh1 Be6 19. Nxe6 Qxe6 20. Bd4 Nb3 21. Bf2 Nd7
22. f4 Rab8 23. Bg2 Qh6 24. e5 Ndc5 25. exd6 cxd6 26. Qf5 Rbd8 27. Qd5 Qf6 28.
Rxe8+ Rxe8 29. Qxd6 Qxd6 30. Rxd6 h6 31. Bf3 Rc8 32. Rb6 Na5 33. Rb5 Ncb3 34.
Bd5 Nxc4 35. Rxb7 Nd6 36. Rd7 Rc1+ 37. Kg2 Nb5 38. Rxf7 Kh8 39. Be4 Rc8 40. Bf5
Rd8 41. Rd7 1-0

[Event "Women's Speed Chess Q2"]
[Site "chess.com INT"]
[Date "2020.06.19"]
[Round "13"]
[White "Diakonova, Ekaterina"]
[Black "Efimenko, Maria"]
[Result "1-0"]
[BlackTitle "WIM"]
[WhiteElo "2209"]
[BlackElo "2245"]
[WhiteFideId "24172936"]
[BlackFideId "14124327"]
[EventDate "2020.06.19"]

1. e4 g6 2. d4 Bg7 3. c4 d6 4. Nc3 Nf6 5. Nf3 O-O 6. h3 Nbd7 7. Be3 e5 8. Be2
Re8 9. d5 Nc5 10. Nd2 a5 11. a3 b6 12. b4 axb4 13. axb4 Rxa1 14. Qxa1 Na6 15.
Qb2 Nd7 16. O-O f5 17. f3 f4 18. Bf2 g5 19. Ra1 Nab8 20. Nb3 Nf6 21. c5 Nbd7 22.
Ra8 Qe7 23. Nb5 Bb7 24. Rxe8+ Nxe8 25. c6 Bxc6 26. dxc6 Ndf6 27. Qa2 Kh8 28. Qa7
h5 29. Bxb6 d5 30. Bc5 Qd8 31. exd5 Qxd5 32. Na5 Qd2 33. Bf1 e4 34. fxe4 Nxe4
35. Qb8 Nxc5 36. Qxe8+ Kh7 37. bxc5 Qxa5 38. Qe4+ Kh6 39. Qe6+ Kh7 40. Qf7 Qe1
41. Qxh5+ Kg8 42. Qxg5 Qe3+ 43. Kh2 Kh7 44. Qh4+ Kg8 45. Qd8+ Kh7 46. Qd3+ Kh6
47. Qxe3 fxe3 48. g3 Be5 49. Kg2 Kg5 50. Kf3 1-0

[Event "Women's Speed Chess Q2"]
[Site "chess.com INT"]
[Date "2020.06.19"]
[Round "13"]
[White "Alboredo, Julia"]
[Black "Swati, Mohota"]
[Result "1-0"]
[WhiteTitle "WFM"]
[BlackTitle "WFM"]
[WhiteElo "2182"]
[BlackElo "2027"]
[WhiteFideId "2124807"]
[BlackFideId "5006511"]
[EventDate "2020.06.19"]

1. e4 c6 2. d4 d5 3. e5 Bf5 4. h4 h5 5. Bd3 Bxd3 6. Qxd3 Qa5+ 7. Nd2 Qa6 8. c4
e6 9. Ngf3 Bb4 10. b3 Nd7 11. O-O Ne7 12. a3 Ba5 13. b4 Bc7 14. b5 cxb5 15. cxb5
Qb6 16. a4 a5 17. Nb3 O-O 18. Ba3 Rfe8 19. Ng5 g6 20. Nc5 Rad8 21. Nxd7 Qa7 22.
Nf6+ Kg7 23. g4 hxg4 24. h5 Nf5 25. hxg6 fxg6 26. Bc5 Qb8 27. Nxe8+ Rxe8 28. Qe2
Rh8 29. Qxg4 Rh4 30. Nxe6+ Kf7 31. Ng5+ Kg7 32. Qg2 Bxe5 33. dxe5 Qxe5 34. Nf3
Qf4 35. Nxh4 Nxh4 36. Qg3 Nf3+ 37. Kg2 Nh4+ 38. Kh3 Qf5+ 39. Qg4 Qd3+ 40. f3 Qc2
41. Bd4+ Kf7 42. Qd7+ Kf8 43. Qg7+ Ke8 44. Rae1+ Kd8 45. Bb6+ Kc8 46. Re8# 1-0

[Event "Women's Speed Chess Q2"]
[Site "chess.com INT"]
[Date "2020.06.19"]
[Round "13"]
[White "Nguyen, Thi Mai Hung"]
[Black "Rakhmangulova, Anastasiya"]
[Result "0-1"]
[WhiteTitle "WGM"]
[BlackTitle "WIM"]
[WhiteElo "2258"]
[BlackElo "2191"]
[WhiteFideId "12401676"]
[BlackFideId "14117479"]
[EventDate "2020.06.19"]

1. d4 d5 2. Nf3 Nf6 3. g3 g6 4. Bg2 Bg7 5. O-O O-O 6. c4 c6 7. Qb3 dxc4 8. Qxc4
Be6 9. Qb4 Qb6 10. Qxb6 axb6 11. a3 Nbd7 12. Nc3 Bf5 13. Bf4 b5 14. Rac1 Nb6 15.
Nd2 Nh5 16. Bc7 Bxd4 17. e3 Bxc3 18. Rxc3 Na4 19. Rb3 Rac8 20. Be5 Rfd8 21. Ne4
Be6 22. Rb4 Bc4 23. Rc1 c5 24. Rxa4 bxa4 25. Rxc4 Rd1+ 26. Bf1 Rcd8 27. Kg2 f6
28. Bc3 b6 29. Rxa4 f5 30. Ng5 h6 31. Ne6 Rb8 32. Be2 Rc1 33. Ra7 Kf7 34. Bc4 b5
35. Bd5 Nf6 36. Nd8+ Kf8 37. Nc6 Rb6 38. Nxe7 Nxd5 39. Nxd5 Rd6 40. Nf4 g5 41.
Nh5 g4 42. Ng7 Rdd1 43. Ra8+ Kf7 44. Ra7+ Kf8 45. Ra8+ Kf7 46. Ra7+ Kg6 47. Ra6+
Kh7 48. f4 Rc2+ 49. Bd2 Rcxd2# 0-1

[Event "Women's Speed Chess Q2"]
[Site "chess.com INT"]
[Date "2020.06.19"]
[Round "13"]
[White "Munkhzul, Turmunkh"]
[Black "Sargsyan, Anna M."]
[Result "1-0"]
[WhiteTitle "WIM"]
[BlackTitle "WGM"]
[WhiteElo "2278"]
[BlackElo "2405"]
[WhiteFideId "4901878"]
[BlackFideId "13308130"]
[EventDate "2020.06.19"]

1. e4 c6 2. d4 d5 3. e5 Bf5 4. Nf3 e6 5. Be2 Nd7 6. O-O h6 7. Nbd2 Ne7 8. Nb3 g5
9. Ne1 Qc7 10. Nd3 Bg7 11. Be3 O-O 12. f4 f6 13. fxg5 fxg5 14. Qd2 b6 15. Nf2 c5
16. c3 Bg6 17. g4 Bh7 18. h4 gxh4 19. Bxh6 Ng6 20. Nh3 c4 21. Bxg7 Kxg7 22. Ng5
Rae8 23. Rxf8 Ndxf8 24. Rf1 cxb3 25. Rf7+ Qxf7 26. Nxf7 bxa2 27. Qc1 Kxf7 28.
Bd3 Kg7 29. Qa1 Nf4 30. Bb5 Re7 31. Qxa2 Be4 32. Qa3 N8g6 33. Qd6 h3 34. Kh2 Kf7
35. Qd8 Kg7 36. Bf1 Rf7 37. Bb5 Nh4 38. Be8 Nf3+ 39. Kg3 Ne2+ 40. Kxh3 Nfg1+ 41.
Kh4 Rf8 42. Qe7+ Kg8 43. Bh5 1-0